000 00228nam a2200097Ia 4500
008 230508s1985 xx 000 0 und d
041 _aeng
100 _aHOUGEN O.A.
245 _aCHEMICAL PROCESS PRINCIPLES P.I.
260 _c1985
999 _c316270
_d316270